00751nam a2200169 a 4500008004100000050001700041110005500058245006600113246008600179260003500265300001500300350000900315650001700324995010000341999001700441952012300458071204s2006 ||||||||||||||||| || u aUNO(058)RHRC aUnited Nations Economic and Social Affairs (UNESA)10aUnited Nations report of the Human Rights Committee, volume 1 aGeneral Assembly Official Records fifty-ninth session supplement no. 40 (A/59/40) aNew YorkbUNITED NATIONSc2006 axiv, 192p. a0.00 0aHUMAN RIGHTS D0.00FCBU-MAIN LIBRARY (Kitwe)H1I0.00M1UAVAILABLEWAug 26, 2008ZInternational Publications c60855d60855 00102lcc4070a001b001cInternational Publicationsd2022-11-30l0oUNO(058)RHRCp55984r2022-11-30w2022-11-30y002